000 00623nam a2200205Ia 4500
001 14854
003 GE_BSU
008 181216s||||||||xx |||||||||||||| ||und||
040 _cGE_BSU
080 _a514(075.8)
100 _aБазылев, В.Т.,Дуничев, К.И., Иваницкая, В.Л.
245 _aГеометрия.
245 _bУчебное пособие для студ. 1 курса. физ-мат.фак-ов пед. ин-тов
260 _aМосква
260 _bПросвещение.
260 _c1974
300 _a350стр.22см.
653 _aГеометрия.
942 _cBK
999 _c47976
_d47976